00585nam a22001817a 450000500170000000800410001702000180005804000210007604100080009708200130010510000280011824501440014625000120029026000320030230000100033465000250034470000340036920230828163559.0230825b ||||| |||| 00| 0 eng d a9789358490329 aIN-DiNCcIN-DiNC dasm a934bBHU aBhuyan, Pranjaleauthor aBharatbarshar itihas (pratham khanda):bprak aitihasik jugar pora 300 khristapurboloi (Major1)/cby Pranjal Bhuyan and Pranjal Mohon Baruah a1st ed. aDibrugarh:bBanalata,c2023 a221p. aPre history of India aBaruah, Pranjal Mohoneauthor